| 000 | 00459nam a2200145Ia 4500 | ||
|---|---|---|---|
| 008 | 190228s9999 xx 000 0 und d | ||
| 020 | _a9781259255526 | ||
| 100 | _aSchilling, Melissa A. | ||
| 245 |
_cMelissa A. Schilling.-- _aStrategic management of technologigal innovation / |
||
| 250 | _a5th ed | ||
| 260 |
_aUSA : _bMcGraw-Hill _c2017 |
||
| 300 | _axvi, 320 pages. | ||
| 650 | _aStrategic planning. | ||
| 650 | _aTechnological innovations -- Management. | ||
| 999 |
_c361315 _d361315 |
||